[Event "International Championship of Central Serbia 2015 - OPEN A"]
[Site "Paracin"]
[Date "2015.07.06"]
[Round "4.53"]
[White "Henriksen, Geir"]
[Black "Arsic, Djordje"]
[Result "0-1"]
[WhiteElo "2192"]
[BlackElo "2153"]
[PlyCount "98"]
[EventDate "2015.07.03"]

1. c4 Nf6 2. g3 e5 3. Bg2 h6 4. d3 Bb4+ 5. Nd2 c6 6. Ngf3 Qe7 7. a3 Ba5 8. O-O
O-O 9. b4 Bc7 10. Bb2 d5 11. cxd5 cxd5 12. Rc1 a6 13. e4 dxe4 14. Nxe4 Nxe4 15.
dxe4 Nc6 16. Nh4 Rd8 17. Qh5 Qg5 18. Qxg5 hxg5 19. Nf5 Bb6 20. Rcd1 Be6 21. Bc1
f6 22. Ne3 Bd4 23. Nd5 Rac8 24. Be3 Kf7 25. Rb1 Bxe3 26. Nxe3 Nd4 27. Rb2 g4
28. Nc2 b5 29. Nxd4 Rxd4 30. f3 Bc4 31. Ra1 gxf3 32. Bxf3 Bd3 33. Rd2 Rcc4 34.
Rad1 Rc3 35. Ra1 Rdc4 36. Rxd3 Rxd3 37. Be2 Re3 38. Bxc4+ bxc4 39. a4 Rb3 40.
b5 axb5 41. axb5 Rxb5 42. Ra7+ Kg6 43. Rc7 Rb1+ 44. Kg2 Rc1 45. Kf2 c3 46. Kf3
c2 47. Kg4 Kh6 48. Kh4 g6 49. Kh3 Kg5 0-1

[Event "International Championship of Central Serbia 2015 - OPEN A"]
[Site "Paracin"]
[Date "2015.07.06"]
[Round "4.54"]
[White "Tscharotschkin, Michael"]
[Black "Perovic, Zivojin"]
[Result "1-0"]
[WhiteElo "2182"]
[BlackElo "2042"]
[PlyCount "49"]
[EventDate "2015.07.03"]

1. e4 c5 2. c3 e6 3. d4 d5 4. exd5 exd5 5. Nf3 Nc6 6. Bb5 Bd6 7. O-O Nf6 8. Bg5
Be6 9. dxc5 Bxc5 10. Nd4 O-O 11. Bxc6 bxc6 12. Nxc6 Qb6 13. Bxf6 gxf6 14. Nd4
Qxb2 15. Nb3 Bb6 16. Qf3 d4 17. N1d2 Qxc3 18. Qxf6 Qd3 19. Nf3 Bxb3 20. Ne5 Qd2
21. axb3 Bd8 22. Qf3 Be7 23. Rad1 Qc3 24. Rd3 Qb4 25. Qf5 1-0

[Event "International Championship of Central Serbia 2015 - OPEN A"]
[Site "Paracin"]
[Date "2015.07.06"]
[Round "4.55"]
[White "Tosic, Srecko"]
[Black "Lazov, Toni"]
[Result "1-0"]
[WhiteElo "2377"]
[BlackElo "2141"]
[PlyCount "47"]
[EventDate "2015.07.03"]

1. d4 Nf6 2. Bg5 Ne4 3. Bf4 c5 4. f3 Qa5+ 5. c3 Nf6 6. Nd2 cxd4 7. Nc4 Qd5 8.
cxd4 Nc6 9. e3 d6 10. Bd3 Qe6 11. Ne2 g5 12. Bxg5 Bg7 13. Nf4 Qd7 14. O-O e5
15. Bf5 Qe7 16. Bxf6 Bxf6 17. Nd5 Qd8 18. Nxf6+ Qxf6 19. Bxc8 Rxc8 20. dxe5
dxe5 21. Nd6+ Ke7 22. Nxc8+ Rxc8 23. Qd3 Rg8 24. Rad1 1-0

[Event "International Championship of Central Serbia 2015 - OPEN A"]
[Site "Paracin"]
[Date "2015.07.06"]
[Round "4.56"]
[White "Djokic, Slavoljub"]
[Black "Milenkovic, Mladen"]
[Result "0-1"]
[WhiteElo "2141"]
[BlackElo "2344"]
[PlyCount "84"]
[EventDate "2015.07.03"]

1. c4 Nf6 2. Nc3 c5 3. Nf3 e6 4. g3 d5 5. cxd5 exd5 6. d4 Nc6 7. Bg2 Be6 8. O-O
h6 9. dxc5 Bxc5 10. Na4 Be7 11. Nd4 Qd7 12. Nxe6 Qxe6 13. Be3 b6 14. Nc3 Rd8
15. Qa4 O-O 16. Rad1 Rd7 17. Rd2 Rfd8 18. Rfd1 Bb4 19. Bd4 Ne4 20. Bxe4 dxe4
21. Be3 Bxc3 22. Rxd7 Rxd7 23. Rxd7 Qxd7 24. bxc3 f5 25. Qb5 Kf7 26. h4 Ke6 27.
Bf4 Ne7 28. Qe5+ Kf7 29. Qb8 b5 30. Be3 a6 31. Qa8 Qe6 32. a3 Qc6 33. Qa7 Ke6
34. Bd4 g5 35. h5 f4 36. g4 f3 37. e3 Qd6 38. Bc5 Qd1+ 39. Kh2 Qf1 40. Qxe7+
Kd5 41. Qd6+ Kc4 42. Qd2 Qg2# 0-1

[Event "International Championship of Central Serbia 2015 - OPEN A"]
[Site "Paracin"]
[Date "2015.07.06"]
[Round "4.57"]
[White "Djordjevic, Gradimir"]
[Black "Tisma, Ivan"]
[Result "0-1"]
[WhiteElo "2111"]
[BlackElo "2206"]
[PlyCount "120"]
[EventDate "2015.07.03"]

1. d4 Nf6 2. c4 g6 3. Nc3 Bg7 4. g3 O-O 5. Bg2 d6 6. e4 Nc6 7. Nge2 e5 8. O-O
exd4 9. Nxd4 Nd7 10. Nde2 Nde5 11. b3 f5 12. f4 Ng4 13. exf5 Bxf5 14. h3 Nh6
15. g4 Bd7 16. Be3 Re8 17. Qd2 Nf7 18. Rae1 a6 19. Nd4 Qh4 20. Nxc6 bxc6 21.
Bf2 Qf6 22. Ne4 Qb2 23. Qxb2 Bxb2 24. Nc5 dxc5 25. Bxc5 Rxe1 26. Rxe1 Bg7 27.
Rd1 Be8 28. Be7 Bf8 29. Bf6 a5 30. Rb1 Bc5+ 31. Kf1 Nd6 32. Ke2 Rb8 33. Kd3 Kf7
34. Bc3 Bb4 35. Bxb4 axb4 36. Kd4 Nb7 37. Rb2 Rd8+ 38. Ke5 Nc5 39. Rc2 Nd3+ 40.
Ke4 Ne1 41. Re2 Nxg2 42. Rxg2 c5 43. Rf2 Bc6+ 44. Ke3 Kf6 45. Rf1 h5 46. f5
Re8+ 47. Kd3 Be4+ 48. Kd2 gxf5 49. gxf5 Bxf5 50. h4 Re4 51. a4 bxa3 52. Ra1
Rxh4 53. Rxa3 Ke5 54. Ra7 Rh2+ 55. Kc1 Kd4 56. Rxc7 Kc3 57. Kd1 Bd3 58. Ke1
Re2+ 59. Kd1 Rg2 60. Re7 Rf2 0-1